|
|
|
|
| LEADER |
00000nta a2200000 i 4500 |
| 001 |
dolg3692 |
| 005 |
20151212124845.0 |
| 008 |
150928suuuu hu om 000 hun d |
| 040 |
|
|
|a BGE Dolgozattár Repozitórium
|b hun
|
| 041 |
|
|
|a hu
|
| 100 |
1 |
|
|a Gálfi Dorina
|
| 245 |
1 |
0 |
|a Balatonfüred kistérség vonzerejének szerepe a falusi turizmus fejlesztésében. Tihanyi hely hagyományok ming idegenforgalmi vonzerő
|c Gálfi Dorina
|h [elektronikus dokumentum]
|
| 695 |
|
|
|a Falusi turizmus
|
| 695 |
|
|
|a Balatonfüredi kistérség
|
| 700 |
1 |
|
|a Sipos Erika
|e ths
|
| 856 |
4 |
0 |
|u http://dolgozattar.uni-bge.hu/3692/1/Szakdolgozat%20G%C3%A1lfi%20Dorina%20%28t%C3%A1v%29%20ASQJ44.pdf
|z Dokumentum-elérés
|